LIBRARY & INFORMATION CENTRE, KCAET, TAVANUR

ONLINE PUBLIC ACCESS CATALOGUE (OPAC)

Development and evaluation of a low cost power operated paddy thresher - um- winnower (Record no. 15274)

MARC details
000 -LEADER
fixed length control field 00651nam a22001697a 4500
003 - CONTROL NUMBER IDENTIFIER
control field OSt
088 ## - REPORT NUMBER
Report number T 58
100 ## - MAIN ENTRY--AUTHOR NAME
Personal name SURESHKUMAR P. K
245 ## - TITLE STATEMENT
Title Development and evaluation of a low cost power operated paddy thresher - um- winnower
260 ## - PUBLICATION, DISTRIBUTION, ETC. (IMPRINT)
Place of publication Tavanur 1996
Name of publisher Kelappaji College of Agricultural Engineering and Technology
300 ## - PHYSICAL DESCRIPTION
Number of Pages 92
500 ## - GENERAL NOTE
General note Development and evaluation of a low cost power operated paddy thresher - um- winnower
520 ## - SUMMARY, ETC.
Summary, etc Development and evaluation of a low cost power operated paddy thresher - um- winnower
700 ## - ADDED ENTRY--PERSONAL NAME
Personal name Er. Sankaranarayanan M. R (Guide)
942 ## - ADDED ENTRY ELEMENTS (KOHA)
Koha item type Theses
Holdings
Collection code Home library Current library Shelving location Full call number Accession Number Koha item type Public note
Reference KAUAET KAUAET Reference 631.3 SUR/DE T 58 Theses M.Tech Thesis
free website counter